Test your skills in C (Record no. 6404)
[ view plain ]
| 000 -LEADER | |
|---|---|
| fixed length control field | 00470nam a2200181Ia 4500 |
| 008 - FIXED-LENGTH DATA ELEMENTS--GENERAL INFORMATION | |
| fixed length control field | 230711s9999||||xx |||||||||||||| ||und|| |
| 020 ## - INTERNATIONAL STANDARD BOOK NUMBER | |
| International Standard Book Number | 978-0-07-014585-6 |
| 041 ## - LANGUAGE CODE | |
| Language code of text/sound track or separate title | ENG |
| 082 ## - DEWEY DECIMAL CLASSIFICATION NUMBER | |
| Classification number | 005.13c |
| Item number | SE-T |
| 100 ## - MAIN ENTRY--PERSONAL NAME | |
| Personal name | Selvi,S Thamarai |
| 245 #0 - TITLE STATEMENT | |
| Title | Test your skills in C |
| 250 ## - EDITION STATEMENT | |
| Edition statement | 2nd Ed. |
| 260 ## - PUBLICATION, DISTRIBUTION, ETC. | |
| Date of publication, distribution, etc. | 2009 |
| Place of publication, distribution, etc. | New Delhi |
| Name of publisher, distributor, etc. | McGraw Hill Education(India) Private Limited |
| 300 ## - PHYSICAL DESCRIPTION | |
| Extent | 312p. |
| 650 ## - SUBJECT ADDED ENTRY--TOPICAL TERM | |
| Topical term or geographic name entry element | Computer Engineering |
| 700 ## - ADDED ENTRY--PERSONAL NAME | |
| Personal name | Murugesan, R |
| 942 ## - ADDED ENTRY ELEMENTS (KOHA) | |
| Koha item type | Book |
| Withdrawn status | Lost status | Damaged status | Not for loan | Collection | Home library | Current library | Date acquired | Source of acquisition | Cost, normal purchase price | Inventory number | Total checkouts | Full call number | Barcode | Date last seen | Price effective from | Koha item type | Date last checked out |
|---|---|---|---|---|---|---|---|---|---|---|---|---|---|---|---|---|---|
| MRSPTU Central Library | MRSPTU Central Library | Krishna Book Distributors | 905.00 | KBD/2016-2017/960842808 | 005.13c SE-T | 37590 | 08/17/2023 | 08/17/2023 | Book | ||||||||
| MRSPTU Central Library | MRSPTU Central Library | Krishna Book Distributors | 905.00 | KBD/2016-2017/960842808 | 2 | 005.13c SE-T | 37591 | 03/25/2025 | 08/17/2023 | Book | 03/05/2025 | ||||||
| MRSPTU Central Library | MRSPTU Central Library | Krishna Book Distributors | 905.00 | KBD/2016-2017/960842808 | 3 | 005.13c SE-T | 37592 | 05/13/2025 | 08/17/2023 | Book | 04/21/2025 | ||||||
| MRSPTU Central Library | MRSPTU Central Library | Krishna Book Distributors | 905.00 | KBD/2016-2017/960842808 | 2 | 005.13c SE-T | 37593 | 08/13/2024 | 08/17/2023 | Book | 05/09/2024 | ||||||
| MRSPTU Central Library | MRSPTU Central Library | Krishna Book Distributors | 905.00 | KBD/2016-2017/960842808 | 1 | 005.13c SE-T | 37594 | 03/06/2024 | 08/17/2023 | Book | 12/06/2023 | ||||||
| MRSPTU Central Library | MRSPTU Central Library | Krishna Book Distributors | 905.00 | KBD/2016-2017/960842808 | 2 | 005.13c SE-T | 37595 | 03/12/2025 | 08/17/2023 | Book | 02/18/2025 |
